[Event "AI Cup Div 2 W"]
[Site "chess.com INT"]
[Date "2023.09.25"]
[Round "1.3"]
[White "Eljanov, Pavel"]
[Black "Sarana, Alexey"]
[Result "1-0"]
[WhiteTitle "GM"]
[BlackTitle "GM"]
[WhiteElo "2695"]
[BlackElo "2693"]
[WhiteFideId "14102951"]
[BlackFideId "24133795"]
[EventDate "2023.09.25"]
[EventType "k.o."]

1. Nf3 d5 2. g3 Nf6 3. Bg2 e6 4. O-O Be7 5. d3 c5 6. Bf4 Nc6 7. a4 Bd6 8. Bxd6
Qxd6 9. Na3 O-O 10. e4 dxe4 11. dxe4 Nxe4 12. Re1 Rd8 13. Qxd6 Nxd6 14. Rad1 f6
15. Nd2 e5 16. Bxc6 bxc6 17. Ne4 Nf7 18. Rxd8+ Nxd8 19. Nxc5 Ne6 20. Nxe6 Bxe6
21. f4 Rd8 22. fxe5 Rd2 23. exf6 Bd5 24. Re7 gxf6 25. Rxa7 Rg2+ 26. Kf1 Rxh2 27.
a5 Rh1+ 28. Kf2 Rh2+ 29. Ke1 Rh1+ 30. Kd2 Rh2+ 31. Kc3 Rg2 32. a6 Rxg3+ 33. Kd4
h5 34. Kc5 Rg5 35. Rb7 Bg2+ 36. Kb6 c5 37. Nc4 Rg7 38. Ne3 Be4 39. c4 Rg1 40.
Nd5 1-0

[Event "AI Cup Div 2 W"]
[Site "chess.com INT"]
[Date "2023.09.25"]
[Round "1.3"]
[White "Keymer, Vincent"]
[Black "Hakobyan, Aram"]
[Result "1-0"]
[WhiteTitle "GM"]
[BlackTitle "GM"]
[WhiteElo "2717"]
[BlackElo "2616"]
[WhiteFideId "12940690"]
[BlackFideId "13306677"]
[EventDate "2023.09.25"]
[EventType "k.o."]

1. d4 Nf6 2. c4 e6 3. Nf3 d5 4. Nc3 Bb4 5. cxd5 exd5 6. Qa4+ Nc6 7. Bg5 h6 8.
Bxf6 Qxf6 9. e3 O-O 10. Be2 Rd8 11. O-O Bf8 12. Nb5 Qe7 13. Rfc1 a6 14. Nc3 Be6
15. Ne1 Na7 16. Nd3 c6 17. Nc5 Nb5 18. Nxe6 Qxe6 19. Qc2 Re8 20. g3 Nxc3 21.
bxc3 Ba3 22. Re1 b5 23. Bd3 Qd6 24. e4 dxe4 25. Bxe4 Re7 26. Bf3 Rae8 27. Rxe7
Rxe7 28. Qb3 b4 29. Rd1 bxc3 30. Qxc3 Bb4 31. Qc4 Re1+ 32. Rxe1 Bxe1 33. Kg2 Qf6
34. Qxa6 Qxd4 35. Qe2 Bb4 36. Qe8+ Bf8 37. Bxc6 g6 38. a4 Kg7 39. a5 Bc5 40. Qe2
Ba7 41. a6 Bc5 42. h4 Qf6 43. Bd5 h5 44. Qf3 Ba7 45. Qxf6+ Kxf6 46. f4 Ke7 47.
Kf3 f6 48. Be4 Kf7 49. Ke2 Kg7 50. Kd3 Kh6 51. Kc4 g5 52. f5 gxh4 53. gxh4 Kg7
54. Kd5 Kf7 55. Kc6 Ke7 56. Kb7 Bf2 57. a7 Bxa7 58. Kxa7 Kd6 59. Kb6 Ke5 60. Bd3
Kf4 61. Kc6 Kg4 62. Kd6 Kxh4 63. Ke6 Kg5 64. Bf1 h4 65. Bg2 1-0

[Event "AI Cup Div 2 W"]
[Site "chess.com INT"]
[Date "2023.09.25"]
[Round "1.3"]
[White "Andreikin, Dmitry"]
[Black "Antipov, Mikhail Al."]
[Result "1/2-1/2"]
[WhiteTitle "GM"]
[BlackTitle "GM"]
[WhiteElo "2729"]
[BlackElo "2600"]
[WhiteFideId "4158814"]
[BlackFideId "4107012"]
[EventDate "2023.09.25"]
[EventType "k.o."]

1. c4 g6 2. d4 Nf6 3. Nc3 d5 4. cxd5 Nxd5 5. e4 Nxc3 6. bxc3 Bg7 7. Nf3 c5 8.
Bb5+ Nc6 9. O-O O-O 10. Bxc6 bxc6 11. Qc2 cxd4 12. cxd4 Bg4 13. Ne5 Qxd4 14. Bb2
Qb4 15. Rab1 Bxe5 16. Bxe5 Qa5 17. Bc3 Qc5 18. Qb2 a5 19. Rfc1 Qd6 20. Be5 Qd7
21. h3 Be6 22. Rd1 Qa7 23. a3 Rfd8 24. Qc3 Rxd1+ 25. Rxd1 Qb6 26. Rc1 Rc8 27.
Bd4 Qd8 28. Bc5 f6 29. Rb1 Kf7 30. e5 Rb8 31. Rxb8 Qxb8 32. exf6 exf6 33. Qxa5
Qb1+ 34. Kh2 Qb8+ 35. Kg1 Qb1+ 36. Kh2 Qb8+ 37. g3 Bd5 38. a4 h5 39. Qe1 Qe8 40.
Qxe8+ Kxe8 41. g4 hxg4 42. hxg4 Kd7 43. Kg3 Kc7 44. Kf4 Be6 45. Be7 g5+ 46. Ke4
Bxg4 47. Bxf6 Kb7 48. Bxg5 c5 49. Bd2 Bd7 50. a5 Ka8 51. f4 Bc8 52. f5 Bxf5+ 53.
Kxf5 c4 54. Ke5 c3 55. Bxc3 Kb7 1/2-1/2

[Event "AI Cup Div 2 W"]
[Site "chess.com INT"]
[Date "2023.09.25"]
[Round "1.3"]
[White "Duda, Jan-Krzysztof"]
[Black "Niemann, Hans Moke"]
[Result "0-1"]
[WhiteTitle "GM"]
[BlackTitle "GM"]
[WhiteElo "2726"]
[BlackElo "2667"]
[WhiteFideId "1170546"]
[BlackFideId "2093596"]
[EventDate "2023.09.25"]
[EventType "k.o."]

1. d4 Nf6 2. c4 e6 3. Nf3 d5 4. g3 Bb4+ 5. Bd2 a5 6. Qc1 O-O 7. Bg2 Be7 8. O-O
c6 9. Bg5 Nbd7 10. Rd1 h6 11. Bf4 g5 12. Bd2 Ne4 13. Ne1 f5 14. Nd3 Bf6 15. e3
h5 16. f3 Nd6 17. c5 Nf7 18. f4 h4 19. Nc3 Kg7 20. gxh4 g4 21. Be1 Rh8 22. Bg3
Nf8 23. Na4 Nd7 24. a3 Bxh4 25. Qc3 Nf6 26. Qe1 Ne4 27. Nb6 Rb8 28. Bxe4 Bxg3
29. hxg3 fxe4 30. Nf2 Nh6 31. Kg2 e5 32. dxe5 Be6 33. Nc4 Nf5 34. Nd6 Nxg3 35.
Ndxe4 Qh4 36. Nxg3 Qh2+ 37. Kf1 Qxg3 38. Ke2 Rh2 39. Rd2 d4 40. Rxd4 Qf3+ 41.
Kd3 Rxf2 42. Rd1 Bf5+ 43. Kc4 Be6+ 44. Kd3 g3 45. Rd6 Bf5+ 46. Kc3 Qe4 47. R1d2
Qf3 48. e6 Re8 49. b4 axb4+ 50. Kxb4 Rf1 51. Qe2 Qxe2 52. Rxe2 Rf2 53. Re1 g2
54. Rg1 Rxe6 55. Ka5 Rb2 56. a4 Rxd6 57. cxd6 Bc8 58. Rxg2+ Rxg2 59. Kb6 Rd2 60.
Kc7 Bf5 61. e4 Bxe4 62. d7 c5 63. d8=Q Rxd8 64. Kxd8 c4 0-1

[Event "AI Cup Div 2 W"]
[Site "chess.com INT"]
[Date "2023.09.25"]
[Round "1.3"]
[White "Safarli, Eltaj"]
[Black "Artemiev, Vladislav"]
[Result "0-1"]
[WhiteTitle "GM"]
[BlackTitle "GM"]
[WhiteElo "2612"]
[BlackElo "2697"]
[WhiteFideId "13402129"]
[BlackFideId "24101605"]
[EventDate "2023.09.25"]
[EventType "k.o."]

1. e4 e5 2. Nf3 Nc6 3. Bc4 d6 4. d4 Nf6 5. Nc3 Be7 6. dxe5 Nxe5 7. Bb3 c6 8. h3
b5 9. Nxe5 dxe5 10. Qf3 O-O 11. Be3 a5 12. a4 bxa4 13. Nxa4 Ba6 14. Nc5 a4 15.
Rxa4 Bb5 16. Rxa8 Qxa8 17. c4 Qa5+ 18. Bd2 Qa1+ 19. Qd1 Qxd1+ 20. Kxd1 Bxc5 21.
cxb5 Nxe4 22. Ke2 Nxd2 23. Kxd2 cxb5 24. Ke2 Bd4 25. Rc1 Bxb2 26. Rc7 b4 27. g4
h6 28. Kf3 g6 29. Ke4 Kg7 30. h4 Bc3 31. f3 Be1 32. h5 gxh5 33. gxh5 Kf6 34. Rb7
Bd2 35. Bd5 Bc3 36. Bb3 Kg5 37. Rxf7 Rd8 38. Rf5+ Kh4 39. Bd5 Rb8 40. Bb3 Ra8
41. Rf6 Ra3 42. Bc4 Bd2 43. Rb6 Re3+ 44. Kf5 Bc3 45. Bd5 Kxh5 46. Be4 Re1 47. f4
exf4 48. Bf3+ Kh4 49. Kxf4 Bd2+ 50. Kf5 Kg3 51. Be4 Kf2 52. Rd6 Bg5 53. Rb6 Bd2
54. Rd6 Ke2 55. Bd3+ Kd1 56. Rb6 Re3 57. Bc4 Rg3 58. Bf7 Kc2 59. Rc6+ Rc3 60.
Rb6 Rf3+ 61. Kg6 Rg3+ 62. Kf5 Rg5+ 63. Ke4 h5 64. Rc6+ Kb2 65. Rd6 Kc2 66. Rc6+
Bc3 67. Rh6 b3 68. Rxh5 b2 69. Rh2+ Bd2 70. Ba2 Ra5 71. Bc4 Ra4 0-1

[Event "AI Cup Div 2 W"]
[Site "chess.com INT"]
[Date "2023.09.25"]
[Round "1.4"]
[White "Kuzubov, Yuriy"]
[Black "Fedoseev, Vladimir3"]
[Result "0-1"]
[WhiteTitle "GM"]
[BlackTitle "GM"]
[WhiteElo "2625"]
[BlackElo "2683"]
[WhiteFideId "14112906"]
[BlackFideId "24130737"]
[EventDate "2023.09.25"]
[EventType "k.o."]

1. d4 g6 2. e4 d6 3. Bd3 Bg7 4. Nf3 Nd7 5. O-O b6 6. a4 a6 7. Re1 Bb7 8. Bf4
Ngf6 9. h3 O-O 10. Nbd2 Re8 11. e5 Nd5 12. Bg3 dxe5 13. dxe5 Nc5 14. Bc4 e6 15.
Bh4 Qd7 16. Bf1 Nb4 17. Bg5 h6 18. Be3 Bxf3 19. gxf3 Nxa4 20. c3 Nxb2 21. Qb3
N4d3 22. Reb1 Bxe5 23. Rxb2 Nxb2 24. Qxb2 Bg7 25. h4 Red8 26. f4 e5 27. fxe5
Bxe5 28. Bg2 Qg4 29. h5 g5 30. Nf3 Bg7 31. Nh2 Rd1+ 32. Rxd1 Qxd1+ 33. Nf1 Re8
34. Qa2 Bxc3 35. Qxa6 Bd4 36. Qa4 Qxa4 0-1

[Event "AI Cup Div 2 W"]
[Site "chess.com INT"]
[Date "2023.09.25"]
[Round "1.4"]
[White "Saric, Ivan"]
[Black "Dominguez Perez, Leinier"]
[Result "1/2-1/2"]
[WhiteTitle "GM"]
[BlackTitle "GM"]
[WhiteElo "2647"]
[BlackElo "2745"]
[WhiteFideId "14508150"]
[BlackFideId "3503240"]
[EventDate "2023.09.25"]
[EventType "k.o."]

1. d4 Nf6 2. Nf3 d5 3. c3 e6 4. Bg5 h6 5. Bh4 g5 6. Bg3 Ne4 7. Nfd2 Nxg3 8. hxg3
c5 9. e3 Nc6 10. Bd3 Bd7 11. dxc5 Bxc5 12. Nb3 Be7 13. N1d2 Qc7 14. Rc1 Ne5 15.
Be2 b5 16. Nd4 Nc4 17. b3 Nxd2 18. Qxd2 Qb6 19. Qd3 a6 20. e4 dxe4 21. Qxe4 Rc8
22. O-O O-O 23. g4 Bc6 24. Qb1 Bf6 25. Nxc6 Rxc6 26. Qe4 Rd8 27. c4 Rd4 28. Qe3
b4 29. g3 Qc5 30. Kg2 Rd8 31. Qxc5 Rxc5 32. Rcd1 Kf8 33. Rxd8+ Bxd8 34. Rd1 Ke7
35. Bf3 Bb6 36. Bb7 Rc7 37. Be4 Rd7 38. Rc1 Bc5 39. Rc2 Rd4 40. Re2 a5 41. f4
Rd1 42. f5 Kf6 43. fxe6 fxe6 44. Bb7 Rg1+ 45. Kh2 Rf1 46. Kg2 Rg1+ 47. Kh3 Rf1
48. Bc8 e5 49. Kg2 Rd1 50. Bb7 Bd4 51. Kf3 Bc5 52. Rh2 Rd3+ 53. Ke2 Rxg3 54.
Rxh6+ Ke7 55. Ra6 e4 56. Rxa5 Rg2+ 57. Kf1 Rg1+ 58. Ke2 Rg2+ 59. Kd1 Rg1+ 60.
Kd2 Rg2+ 61. Ke1 Rg1+ 62. Ke2 Rg2+ 1/2-1/2

[Event "AI Cup Div 2 W"]
[Site "chess.com INT"]
[Date "2023.09.25"]
[Round "1.4"]
[White "Antipov, Mikhail Al."]
[Black "Andreikin, Dmitry"]
[Result "1/2-1/2"]
[WhiteTitle "GM"]
[BlackTitle "GM"]
[WhiteElo "2600"]
[BlackElo "2729"]
[WhiteFideId "4107012"]
[BlackFideId "4158814"]
[EventDate "2023.09.25"]
[EventType "k.o."]

1. e4 e6 2. d4 d5 3. Nd2 c5 4. Ngf3 Nc6 5. exd5 exd5 6. Bb5 Bd6 7. O-O Ne7 8.
dxc5 Bxc5 9. Nb3 Bb6 10. Nfd4 O-O 11. Be3 Qd6 12. Bd3 Nxd4 13. Nxd4 Qf6 14. c3
Nc6 15. Re1 Nxd4 16. Bxd4 Bxd4 17. cxd4 Bf5 18. Bxf5 Qxf5 19. Re5 Qd7 20. Qb3
Rad8 21. Rae1 Rfe8 22. Qxd5 Rxe5 23. Qxe5 h6 24. Re4 f5 25. Re2 Qxd4 26. Qe6+
Kh8 27. h3 Qf4 28. Qb3 Qc1+ 29. Kh2 Qc7+ 30. Qg3 Rd7 31. Re5 Rf7 32. h4 Kh7 33.
h5 Rf6 34. f4 Qf7 35. Qf3 Qxa2 36. Qxb7 Qf7 37. Qf3 Rb6 38. b3 Rxb3 39. Qe2 Qf6
40. g3 Qb6 41. Kh3 Qg1 42. Qg2 Qxg2+ 43. Kxg2 Rb2+ 44. Kh3 g5 45. fxg5 hxg5 46.
Rxf5 Kh6 47. g4 Rb3+ 48. Kg2 Rb2+ 49. Kf3 Rb3+ 50. Kf2 Rb2+ 51. Ke3 Rb3+ 52. Kf2
Rb2+ 53. Kg3 a5 54. Rf6+ Kh7 55. Ra6 Rb3+ 56. Kf2 Rb4 57. Kf3 a4 58. Ra5 Kh6 59.
Ra7 Rf4+ 60. Kg3 Rb4 61. Ra6+ Kh7 62. Rg6 Rb5 63. Ra6 Rb3+ 64. Kf2 Rb4 65. Kf3
Rf4+ 66. Kg3 Rb4 67. Ra8 Rb3+ 68. Kf2 a3 69. Ra4 Rb2+ 70. Kf3 a2 71. Ra6 Rc2 72.
Ra7+ Kh6 73. Ra6+ Kh7 74. Ra8 Rb2 75. Ra5 Kh6 76. Ra7 Rc2 77. Ke4 Rc4+ 78. Kf3
Rc3+ 79. Kf2 Rc4 80. Kf3 Rc3+ 81. Kg2 Rc2+ 82. Kg3 Rc3+ 83. Kf2 Rc4 84. Ra6+ Kh7
85. Kf3 Rc2 1/2-1/2

[Event "AI Cup Div 2 W"]
[Site "chess.com INT"]
[Date "2023.09.25"]
[Round "1.4"]
[White "Sarana, Alexey"]
[Black "Eljanov, Pavel"]
[Result "1-0"]
[WhiteTitle "GM"]
[BlackTitle "GM"]
[WhiteElo "2693"]
[BlackElo "2695"]
[WhiteFideId "24133795"]
[BlackFideId "14102951"]
[EventDate "2023.09.25"]
[EventType "k.o."]

1. d4 g6 2. e4 Bg7 3. Nf3 d6 4. Bc4 e6 5. h4 h6 6. Bb3 Nf6 7. Qe2 Nc6 8. c3 e5
9. d5 Nb8 10. Nbd2 Nbd7 11. Nc4 O-O 12. Bc2 a5 13. Be3 b5 14. Ncd2 b4 15. Nh2
Nh5 16. g3 bxc3 17. bxc3 Ba6 18. c4 Rb8 19. O-O Rb2 20. Bd3 Nc5 21. Bxc5 dxc5
22. Rfb1 Rb6 23. Nb3 Nf4 24. gxf4 exf4 25. Nxc5 Bxa1 26. Rxa1 Bc8 27. h5 Qh4 28.
Kh1 gxh5 29. e5 Kh8 30. e6 fxe6 31. dxe6 Qf6 32. Rg1 Bxe6 33. Rg6 Qa1+ 34. Rg1
Qf6 35. Rg6 f3 36. Qe3 Qf4 37. Rxh6+ Kg7 38. Nxe6+ 1-0

[Event "AI Cup Div 2 W"]
[Site "chess.com INT"]
[Date "2023.09.25"]
[Round "1.4"]
[White "Niemann, Hans Moke"]
[Black "Duda, Jan-Krzysztof"]
[Result "0-1"]
[WhiteTitle "GM"]
[BlackTitle "GM"]
[WhiteElo "2667"]
[BlackElo "2726"]
[WhiteFideId "2093596"]
[BlackFideId "1170546"]
[EventDate "2023.09.25"]
[EventType "k.o."]

1. c4 Nf6 2. g3 e5 3. Bg2 Bc5 4. Nc3 c6 5. e3 d5 6. cxd5 cxd5 7. d4 exd4 8. exd4
Bb4 9. Ne2 O-O 10. O-O h6 11. Qb3 Bxc3 12. Nxc3 Nc6 13. Be3 Na5 14. Qb4 Nc6 15.
Qa3 Bf5 16. h3 a5 17. b3 b5 18. Qb2 Rc8 19. a3 Re8 20. Rfc1 b4 21. Ne2 Qd7 22.
Kh2 Be4 23. axb4 axb4 24. Qd2 Bxg2 25. Kxg2 Ne4 26. Qd3 Ne7 27. f3 Rxc1 28. Rxc1
Ng5 29. Ng1 Qf5 30. Qd2 Ra8 31. Bf2 Ng6 32. h4 Ne6 33. Ne2 Ra3 34. Qd1 Ra2 35.
Be3 h5 36. Rc8+ Kh7 37. Rb8 Ne7 38. Rxb4 Qg6 39. Kf1 Nf5 40. Bf2 Rb2 41. Rb8 Rb1
42. Nc1 Nxg3+ 43. Ke1 Nf4 44. Be3 Nd3+ 45. Kd2 Rxc1 0-1

[Event "AI Cup Div 2 W"]
[Site "chess.com INT"]
[Date "2023.09.26"]
[Round "2.1"]
[White "Caruana, Fabiano"]
[Black "Sarana, Alexey"]
[Result "1-0"]
[WhiteTitle "GM"]
[BlackTitle "GM"]
[WhiteElo "2786"]
[BlackElo "2693"]
[WhiteFideId "2020009"]
[BlackFideId "24133795"]
[EventDate "2023.09.25"]
[EventType "k.o."]

1. Nf3 d5 2. c4 e6 3. g3 Nf6 4. Bg2 Be7 5. O-O O-O 6. d4 dxc4 7. Qc2 a6 8. a4
Bd7 9. Qxc4 b5 10. Qc2 Nc6 11. Bd2 Nd5 12. Nc3 Ncb4 13. Qc1 bxa4 14. Nxa4 Bb5
15. Re1 a5 16. Nc5 c6 17. Ne5 Qc7 18. h4 Rfd8 19. Ra3 Bf6 20. Bg5 Qe7 21. e4 Nb6
22. Rf3 Rxd4 23. Bxf6 gxf6 24. Ng4 f5 25. Nh6+ Kh8 26. Qc3 Rd8 27. exf5 e5 28.
Rxe5 Qf6 29. Ne6 Na4 30. Nxf7+ Kg8 31. Qe3 Kxf7 32. Nxd4 Nd5 33. Qe1 Nxb2 34.
Nxb5 cxb5 35. Rb3 Nb4 36. Rxb2 Nd3 37. Qxa5 Nxe5 38. Be4 Ng4 39. Qxb5 Qd4 40.
Bf3 Ne5 41. Be2 Rd7 42. Qb3+ Kg7 43. Rc2 Qe4 44. Qc3 Kf7 45. Qb3+ Kg7 46. Qc3
Kf7 47. Rb2 Ra7 48. Bh5+ Kg7 49. Re2 Qb1+ 50. Kh2 Ra1 51. Qxe5+ Kh6 52. Bf3 Qg1+
53. Kh3 Qf1+ 54. Bg2 1-0

[Event "AI Cup Div 2 W"]
[Site "chess.com INT"]
[Date "2023.09.26"]
[Round "2.1"]
[White "Fedoseev, Vladimir3"]
[Black "Keymer, Vincent"]
[Result "1-0"]
[WhiteTitle "GM"]
[BlackTitle "GM"]
[WhiteElo "2683"]
[BlackElo "2717"]
[WhiteFideId "24130737"]
[BlackFideId "12940690"]
[EventDate "2023.09.25"]
[EventType "k.o."]

1. d4 Nf6 2. c4 e6 3. Nc3 Bb4 4. e3 O-O 5. Ne2 Re8 6. Ng3 d5 7. Be2 b6 8. O-O
Bb7 9. a3 Bf8 10. b4 dxc4 11. Bxc4 c5 12. bxc5 bxc5 13. dxc5 Nbd7 14. Bb2 Nxc5
15. Qe2 Qb6 16. Rab1 Red8 17. Nb5 Be7 18. Be5 Qc6 19. f4 a6 20. Nd4 Qe8 21. f5
Bd5 22. fxe6 fxe6 23. e4 Bxc4 24. Qxc4 Rac8 25. Ngf5 Kh8 26. Nxg7 Kxg7 27. Rb6
Qg6 28. Rxe6 Nxe6 29. Qxe6 Qf7 30. Nf5+ Kf8 31. Qxe7+ Qxe7 32. Nxe7 Kxe7 33.
Bxf6+ Ke6 34. Bxd8 Rxd8 35. Rf5 Rd1+ 36. Kf2 Rd2+ 37. Kf1 Rd1+ 38. Ke2 Rd4 39.
Ra5 Rxe4+ 40. Kf3 Rc4 41. Rxa6+ Kf5 42. g4+ Kg5 43. Ra5+ Kg6 44. Kg3 Rc6 45. a4
h6 46. Kh4 Rd6 47. h3 Rd3 48. Ra6+ Kg7 49. a5 Ra3 50. Ra8 Kg6 51. Ra6+ Kg7 52.
g5 hxg5+ 53. Kxg5 Rxh3 54. Ra7+ Kf8 55. a6 Ra3 56. Ra8+ Kf7 57. Kf5 Ra5+ 58. Ke4
Kg7 59. Kd4 Kh7 60. Kc4 Kg7 61. Kb4 Ra1 62. Kb5 Rf1 63. Rc8 Rb1+ 64. Ka5 Ra1+
65. Kb6 Rb1+ 66. Ka7 Kf6 67. Rb8 Rh1 68. Rb6+ Ke5 69. Rc6 Rb1 70. Rb6 Rh1 71.
Rb5+ Kd4 72. Kb6 Kc4 73. a7 Rh6+ 74. Ka5 Rh1 75. Rb4+ 1-0

[Event "AI Cup Div 2 W"]
[Site "chess.com INT"]
[Date "2023.09.26"]
[Round "2.1"]
[White "Duda, Jan-Krzysztof"]
[Black "Artemiev, Vladislav"]
[Result "1/2-1/2"]
[WhiteTitle "GM"]
[BlackTitle "GM"]
[WhiteElo "2726"]
[BlackElo "2697"]
[WhiteFideId "1170546"]
[BlackFideId "24101605"]
[EventDate "2023.09.25"]
[EventType "k.o."]

1. e4 e5 2. Nf3 Nc6 3. Bc4 Bc5 4. O-O Nf6 5. d3 h6 6. c3 d6 7. Re1 O-O 8. Nbd2
Bb6 9. a4 a5 10. Nf1 Ne7 11. d4 Ng6 12. Be3 exd4 13. Bxd4 Bxd4 14. Qxd4 Re8 15.
h3 Ne5 16. Nxe5 dxe5 17. Qe3 Be6 18. Red1 Qe7 19. Bxe6 Qxe6 20. Ng3 Qc6 21. f3
Kh7 22. Nf5 Rad8 23. Rd2 Rd7 24. b4 Red8 25. Rxd7 Rxd7 26. bxa5 Nh5 27. Kh2 Nf4
28. Qe1 Rd3 29. Rd1 Rxc3 30. Ne7 Qc5 31. Nd5 Rc2 32. Nxf4 exf4 33. e5 Qe3 34.
Qxe3 fxe3 35. Re1 e2 36. f4 Ra2 37. g4 Rxa4 38. Rxe2 Rxa5 39. f5 Kg8 40. e6 fxe6
41. fxe6 Kf8 42. Rf2+ Ke8 43. Rf7 Rc5 44. Rxg7 b5 45. h4 b4 46. Kg3 b3 47. Rg8+
Ke7 48. Rb8 Rc3+ 49. Kf4 Kxe6 50. g5 hxg5+ 51. hxg5 Kf7 52. Kf5 Rf3+ 53. Ke4 Rg3
54. Rb7 Rxg5 55. Rxc7+ Ke6 56. Rc6+ Kd7 57. Rb6 Rg3 58. Kd5 Kc7 59. Rb4 Rc3 60.
Kd4 Rh3 61. Kc4 Kc6 62. Rxb3 Rxb3 63. Kxb3 1/2-1/2

[Event "AI Cup Div 2 W"]
[Site "chess.com INT"]
[Date "2023.09.26"]
[Round "2.1"]
[White "Andreikin, Dmitry"]
[Black "Dominguez Perez, Leinier"]
[Result "1/2-1/2"]
[WhiteTitle "GM"]
[BlackTitle "GM"]
[WhiteElo "2729"]
[BlackElo "2745"]
[WhiteFideId "4158814"]
[BlackFideId "3503240"]
[EventDate "2023.09.25"]
[EventType "k.o."]

1. c4 c5 2. g3 g6 3. Bg2 Bg7 4. Nc3 Nc6 5. Nf3 e6 6. O-O Nge7 7. e3 O-O 8. d4
cxd4 9. Nxd4 d5 10. cxd5 Nxd5 11. h4 h5 12. Qb3 Qb6 13. Bxd5 exd5 14. Qxb6 axb6
15. Nxd5 Bh3 16. Re1 Bxd4 17. exd4 Nxd4 18. Rd1 Nb3 19. Bh6 Nxa1 20. Bxf8 Kxf8
21. Rxa1 b5 22. Nc7 Ra5 23. b4 Ra4 24. a3 Bd7 25. Nd5 Bc6 26. Nc3 Ra8 27. f4 Rd8
28. Rd1 Ra8 29. Ra1 Rd8 30. Rd1 Ra8 31. Ra1 1/2-1/2

[Event "AI Cup Div 2 W"]
[Site "chess.com INT"]
[Date "2023.09.26"]
[Round "2.2"]
[White "Dominguez Perez, Leinier"]
[Black "Andreikin, Dmitry"]
[Result "0-1"]
[WhiteTitle "GM"]
[BlackTitle "GM"]
[WhiteElo "2745"]
[BlackElo "2729"]
[WhiteFideId "3503240"]
[BlackFideId "4158814"]
[EventDate "2023.09.25"]
[EventType "k.o."]

1. e4 e6 2. d4 d5 3. Nc3 Nc6 4. Nf3 Nf6 5. e5 Ne4 6. Ne2 Bd7 7. Ng3 f5 8. exf6
Nxf6 9. Ne5 Bd6 10. f4 Ne7 11. Bd3 c5 12. dxc5 Bxc5 13. Qe2 Qb6 14. a4 O-O 15.
a5 Qc7 16. Bd2 Nc6 17. Nxc6 bxc6 18. b4 Bd6 19. O-O e5 20. fxe5 Bxe5 21. Rae1
Rae8 22. Qd1 Ng4 23. Rxf8+ Rxf8 24. Rxe5 Qxe5 25. c3 h5 26. Qe1 h4 27. Nf1 h3
28. Qxe5 Nxe5 29. Be2 Bg4 30. Bxg4 Nxg4 31. gxh3 Ne5 32. Be3 a6 33. Kg2 Nd3 34.
Nd2 Nf4+ 35. Kf1 Ne6+ 36. Ke2 Rf5 37. h4 Kf7 38. Nf3 Ke7 39. h3 Kd6 40. Ng5 Nxg5
41. hxg5 g6 42. h4 Ke5 43. Bd2 Ke4 44. Be1 Rf3 45. Bd2 Rh3 46. Be1 Rh2+ 47. Kf1
Kf3 48. Kg1 Re2 49. Kf1 Rg2 0-1

[Event "AI Cup Div 2 W"]
[Site "chess.com INT"]
[Date "2023.09.26"]
[Round "2.2"]
[White "Sarana, Alexey"]
[Black "Caruana, Fabiano"]
[Result "1/2-1/2"]
[WhiteTitle "GM"]
[BlackTitle "GM"]
[WhiteElo "2693"]
[BlackElo "2786"]
[WhiteFideId "24133795"]
[BlackFideId "2020009"]
[EventDate "2023.09.25"]
[EventType "k.o."]

1. d4 Nf6 2. c4 e6 3. Nc3 Bb4 4. e3 O-O 5. Bd3 d5 6. Nf3 dxc4 7. Bxc4 c5 8. O-O
Nc6 9. a3 Ba5 10. Qd3 h6 11. Ne4 cxd4 12. exd4 Bb6 13. Rd1 Nd5 14. Ba2 Bc7 15.
Bd2 b6 16. Rac1 Bb7 17. Bb1 f5 18. Nc3 Nce7 19. Re1 Rf6 20. Ba2 a6 21. Re2 Qd7
22. Rce1 Rd8 23. Bc1 Kh8 24. Bd2 b5 25. Ne5 Qe8 26. Qh3 Bxe5 27. Rxe5 Qg6 28.
Ne2 Kg8 29. Bb4 Nxb4 30. Nf4 Bxg2 31. Qh4 Nxa2 32. Nxg6 Nxg6 33. Qg3 Bd5 34.
Rxd5 Rxd5 35. Rd1 Kh7 36. Qb3 Nh4 37. Qxa2 Nf3+ 38. Kh1 Nxd4 39. Kg2 Rd8 40. a4
e5 41. axb5 axb5 42. Kf1 e4 43. Qa7 Nc6 44. Qa1 Nd4 45. Qa7 Rfd6 46. Qf7 R6d7
47. Qa2 Nf3 48. Rxd7 Rxd7 49. h4 Rd1+ 50. Kg2 Rg1+ 51. Kh3 Rg4 52. h5 Rh4+ 53.
Kg3 f4+ 54. Kg2 Rxh5 55. Qa8 Re5 56. Kf1 g5 57. Qc6 Kg7 58. b4 h5 59. Qd7+ Kg6
60. Qd6+ Kf5 61. Qd7+ Kf6 62. Qd8+ Kg6 63. Qd6+ Kf7 64. Qd7+ Kf6 65. Qd8+ Ke6
66. Qe8+ Kd6 67. Qd8+ Kc6 68. Qa8+ Kc7 69. Qa7+ Kd6 70. Qb6+ Ke7 71. Qc7+ Ke6
72. Qc6+ Ke7 73. Qc7+ Ke6 74. Qc6+ Ke7 75. Qc7+ 1/2-1/2

[Event "AI Cup Div 2 W"]
[Site "chess.com INT"]
[Date "2023.09.26"]
[Round "2.2"]
[White "Keymer, Vincent"]
[Black "Fedoseev, Vladimir3"]
[Result "1-0"]
[WhiteTitle "GM"]
[BlackTitle "GM"]
[WhiteElo "2717"]
[BlackElo "2683"]
[WhiteFideId "12940690"]
[BlackFideId "24130737"]
[EventDate "2023.09.25"]
[EventType "k.o."]

1. c4 e6 2. Nc3 d5 3. d4 Be7 4. cxd5 exd5 5. Bf4 c6 6. e3 Bf5 7. Nge2 Nf6 8. Ng3
Bg6 9. h4 h5 10. Bd3 Bxd3 11. Qxd3 g6 12. O-O-O Na6 13. f3 Bd6 14. Nge2 Bxf4 15.
Nxf4 Qd6 16. g3 O-O-O 17. Rhe1 Rhe8 18. e4 dxe4 19. fxe4 Ng4 20. Qc4 Qd7 21. e5
Kb8 22. Ne4 Nc7 23. Nd6 Re7 24. Kb1 Ne8 25. Nxf7 Qf5+ 26. Ka1 Rxf7 27. Ne6 Rdd7
28. Nc5 Rde7 29. e6 Rg7 30. d5 Nd6 31. Qb4 a5 32. Qxa5 cxd5 33. Rxd5 Qxd5 34.
Nd7+ Rxd7 35. Qxd5 Rge7 36. Rd1 Rd8 37. Qg5 Ree8 38. a3 Nf2 39. Rd4 Nfe4 40.
Qxg6 Rc8 41. Rxe4 Rg8 42. Qxh5 Nxe4 43. Qe5+ Ka8 44. Qxe4 Rxg3 45. e7 Rgg8 46.
h5 Rce8 47. h6 Kb8 48. h7 Rh8 49. Qe5+ Kc8 50. Qe4 Kc7 51. Ka2 b6 52. a4 Kd6 53.
Ka3 Kc7 54. Kb4 Ra8 55. b3 Kd6 56. Kb5 Rhb8 57. b4 Kd7 58. Qe5 Re8 59. Kxb6
Rab8+ 60. Kc5 Rbc8+ 61. Kd4 Ra8 62. a5 Rh8 63. b5 Rae8 64. a6 Ra8 65. Kc5 Rhc8+
66. Kb4 Rcb8 67. Ka5 Rc8 68. b6 Re8 69. b7 Rab8 70. Kb6 Rh8 71. a7 1-0

[Event "AI Cup Div 2 W"]
[Site "chess.com INT"]
[Date "2023.09.26"]
[Round "2.2"]
[White "Artemiev, Vladislav"]
[Black "Duda, Jan-Krzysztof"]
[Result "0-1"]
[WhiteTitle "GM"]
[BlackTitle "GM"]
[WhiteElo "2697"]
[BlackElo "2726"]
[WhiteFideId "24101605"]
[BlackFideId "1170546"]
[EventDate "2023.09.25"]
[EventType "k.o."]

1. c4 Nf6 2. Nf3 e6 3. b3 d5 4. Bb2 Be7 5. g3 O-O 6. Bg2 c5 7. cxd5 Nxd5 8. O-O
Nc6 9. d4 cxd4 10. Nxd4 Nxd4 11. Bxd4 Bd7 12. Nd2 Rc8 13. Nc4 Bc6 14. Bxa7 Nc3
15. Qxd8 Nxe2+ 16. Kh1 Rfxd8 17. Bb6 Bxg2+ 18. Kxg2 Rd5 19. Rfe1 Bf6 20. Rad1
Nc3 21. Rxd5 Nxd5 22. Be3 b5 23. Nd6 Rc2 24. Nxb5 Rxa2 0-1

[Event "AI Cup Div 2 W"]
[Site "chess.com INT"]
[Date "2023.09.26"]
[Round "2.3"]
[White "Andreikin, Dmitry"]
[Black "Dominguez Perez, Leinier"]
[Result "1-0"]
[WhiteTitle "GM"]
[BlackTitle "GM"]
[WhiteElo "2729"]
[BlackElo "2745"]
[WhiteFideId "4158814"]
[BlackFideId "3503240"]
[EventDate "2023.09.25"]
[EventType "k.o."]

1. Nf3 Nf6 2. c4 e6 3. Nc3 d5 4. cxd5 exd5 5. d4 c6 6. Qc2 g6 7. Bg5 Be7 8. e3
Bf5 9. Bd3 Bxd3 10. Qxd3 Nbd7 11. O-O O-O 12. Rab1 a5 13. Rfc1 Re8 14. Nd2 Nh5
15. Bxe7 Qxe7 16. a3 Nhf6 17. Na4 h5 18. h3 h4 19. Qc2 Kg7 20. b4 axb4 21. axb4
b5 22. Nb2 Rec8 23. Nd3 Nb6 24. Ra1 Nc4 25. Qc3 g5 26. Ne5 Qe6 27. Ndf3 Ne4 28.
Qe1 f6 29. Nd3 Ra4 30. Nc5 Nxc5 31. dxc5 Rca8 32. Nd4 Qe8 33. Qd1 R8a6 34. Nf5+
Kg6 35. Rxa4 Rxa4 36. Qc2 Qe4 37. Ne7+ Kf7 38. Qxe4 dxe4 39. Nxc6 Nb2 40. Nb8
Nd3 41. c6 Nxc1 42. c7 Ne2+ 43. Kh2 1-0